000 00685nam a2200277Ia 4500
005 20260324120310.0
008 008 260324s9999 xx 000 0 eng d
020 _a9781315720524
037 _aEBOOK
040 _aCRL
040 _beng
040 _cCRL
041 _2eng
041 _aeng
084 _qCRL
100 _aHull City Council; A.P.H Peters; J.R.W. Warn
_91158017
245 0 _aSupporting Children with Autistic Spectrum Disorders
260 _bTaylor and Francis
260 _c2015
365 _a
365 _b205
856 _uhttp://www.taylorfrancis.com/books/9781315720524
942 _cEBOOK
999 _c1749474
_d1749474